000 00288nam a22001337a 4500
008 170801b xxu||||| |||| 00| 0 eng d
020 _a9780313348266
041 _aeng
080 _a004
100 _a32
101 _aSHKI
245 _aINSIDE THE FUTURE
_cLUCAS, H.C
942 _2udc
_cBK
999 _c22392
_d22392